00453nam a2200157Ia 4500008004100000020001800041040001900059041001200078082002300090100002600113245006400139260003700203300001900240650002000259850001600279131103s9999 xx 000 0 und d a0 345 36221 7 aLoreto College aEnglish aF/GARbLCBED/11127 aGardner, Erle Stanley 4aThe case of the Stepdaughter's secretcErle Stanley Gardner aNew YorkbBallantine Booksc1990 a166p. c 18cm. aEnglish fiction aLCBED/F/GAR